000 00343nam a2200133 i 4500
001 bg
100 1 _aŁASTAWSKI, Kazimierz
245 0 _aPolityka zagraniczna Wielkiej Brytanii 1945-1956 /
_cKazimierz Łastawski.
260 _aWarszawa,
_c1979.
040 _cBPK
041 _apol
942 _cKS
008 s pl f |000 0 pol
999 _c21475
_d21475
856 _uhttp://koha.tu.koszalin.pl/cgi-bin/koha/opac-detail.pl?biblionumber=21475
_yKatalog online BPK